Petit Bac - Lettre T - Statistiques

Statistiques générales
  • Ce quiz a été pris 5 427 fois
  • Le résultat moyen est 9 sur 10
Statistiques - réponses
Catégories Réponses en T % Correct
Prénom Tiago / Theo / Thomas / Tom / Tommy / Tristan / Thibault / Thomas / Thiago / Timothe / Timote / Tymeo / Timeo / Titouan / Tony / Thibaut / Theo / Theodore / Thimeo / Tao / Teo / Tyler / Tim / Tino / Teddy / Tomas / Tylian / Terence / Terensse / Thierry / Tierry / Ted / Tom / Therry / Tery / Tonio / Thor / Teobald / Theobald / Troy / Tyson / Thommy / Tevin / Ted / Tessa / Thea / Talia / Tania / Tiphaine / Talya / Tasnime / Tara / Tina / Tania / Tiana / Tea / Thelma / Tamara / Tyana / Telia / Tessy / Theodorine / Tiphane / Therese / Terese / Tamie / Tonya / Tonia / Tiffany / Tiffanie / Tara / Tiphany / Tamira / Tori / Trecy / Tasha / Tyffany / Tracy / Thao / Talita / Tabitha / Tahitia / Tilly / Tima / Tracey / Tatiana
100%
Animal Tacaud / Tadorne casarca / Tadorne de belon / Taïpan du désert / Talapoin / Talève / Tamandua / Tamanoir / Tamarin / Tamia / Tanche / Tantale / Tanude / Taon / Tapir / Tarentule / Targeur / Tarier / Tarin / Tarsier / Tassergal / Tortue / Tourterelle / Tigre / Taupe / Teckel / Tatou / Thon / Tryton / Toucan / Truite / Torpille / Taureau / Tetard / Truie
97%
Objet Table / Tabouret / Tapis / Tasse / Tente / Tirelire / Toupie / Tournevis / Trousse / Truelle / Tuile / Téléphone / Tambour / Tableau / Tiroir / Toile / Timbre / Tracteur / Tondeuse / Torche / Télévision / Trompette / Train / Télé / Tétine / Tour / Théière / Tube / Tablette / Tige / Télécommande / Tablier / Trombone / Trottinette / Tire bouchon / Talisman / Tombe / Trampoline / Toit / Taille crayon / Tuyau / Toilette / Tampon / Tringle / Trappe / Tire-bouchon / Tourniquet / Triangle / Tonneau / Trieur / Trident / Timbale / Tourelle / Tutu / Touillette / Télescope / Torchon / Thermomètre / Totem / Tuba / Trépied / Toque / Tamis / Tank / Tractopelle / Tissu / Tatami / Trapèze / Tamtam / Turban / Tourtière / Tyrolienne / Tricycle / Ticket / Table basse / Torpille / Touche / Tireuse à bière / Taser / Turbine / Tiare / Tambourin / Trousseau / Taule / Tireuse / Tirette / Treuil / Transat / Taie d'oreiller
96%
Pays Tadjikistan / Taiwan / Tanzanie / Tchad / Thailande / Timor / Togo / Tokelau / Tonga / Trinité et Tobago / Tunisie / Turkménistan / Turquie / Tuvalu
95%
Partie du corps Talon / Tarse / Tempe / Temporal / Tendon / Tendon d’achille / Tenseur du fascia lata / Testicule / Tête / Téton / Thorax / Tibia / Trachée / Tragus / Trapèze / Triceps / Tronc / Tympan
91%
Marque Twitter / Tropico / Total / TPS / Tefal / Twix / Taillefine / Tuc / Talians / The Phone House / Tartare / Thalys / TF6 / TéléStar / Thomson / Tomy / Tyco / Tic Tac / Toys’r’us / Treca / Teraxyl / TGV / Tex / TFOU / Tampax / Toyota / Tim Hortons / T2C / Taco Bell / TAG / Taifu / Tally Weijl / TAM / TAN / Tanéo / Tati / TBC / TBS / TCAR / TCL / TCRA / TEC / Techni-contact / Télé2 / Telemarket / Télé Star / Telus / Tennant / Terre & Eaux / Tesco / Tetley / Tetra Pak / Téva / Texas Instruments / TF1 / TGV / Thales / Théolia / Thiriet / Thomas Cook / Thonon / TiiLT / Tipiak / TLT / TMC / T-Mobile / T’nB / TNT / TomTom / Tonkam.com / TopBoutique / Toshiba / Totesport / Tout Faire / Toutleciné.com / TPA / TPV / Trace / Transavia.com / Transcash / Transdev / Transitions / Transperth / Transpole /Transvilles / travelski.com / Trendastic / Trolltech / Tropicana / Tropico / Truffaut / Tryba / TUR / TV5MONDE / TV8 / Twinings / Tesla / Trabant / Triumph / TVR / Toblerone / Tommy Hilfiger / Teddy Smith
91%
Sport Taekwondo / Taï chi / Tambourin / Tango / Tchoukball / Tennis / Tennis de table / Teqball / Tir / Tir à l'arc / Tractor pulling / Trail / Traîneaux / Trampoline / Trapèze / Triathlon / Tricking / Trottinette / Tumbling / Twirling baton
90%
Vêtement tabard / tabi / tablier / tailleur / talma / talonnette / tanga / tankini / tassakravi / tcherkeska / teeshirt / tee-shirt / templette / tenue / Toque / toge / top / Tongue / tour de cou / tregging / trench / tricot / trikini / t-shirt / tunique / tunisien / tutu / tweed / twine / twin-set / Turban
88%
Fruit ou légume Taro / Tétragone cornue / Tinda / Tomate / Topinambour / Truffe / Tamarin
84%
Métier Tabletier / Taillandier / Tailleur / Tailleur de pierre / Tanneur / Tapissier / Tatoueur / Taxidermiste / Technicien / Toiletteur / Traducteur / Trader / Tonnelier / Teinturier / Télévendeur / Tireur d'élite
71%
Aucun quiz correspondant
Distribution des résultats
% des personnes avec chaque résultat
Percentile par nombre de réponses
Votre historique - résultats
Vous n’avez pas pris ce quiz